Giáo trình thực hành phương pháp dạy học toán ở tiểu học Rèn luyện và phát triển một số kĩ năng dạy học toán ở tiểu học

Hướng dẫn một số kỹ năng thực hành trong dạy học toán tiểu học: phân tích chương trình, thiết kế kế hoạch giảng dạy, lựa chọn và thiết kế bổ sung nhằm phát triển hệ thống bài tập, phát hiện và xử lý một số tình huống sư phạm...

Volledige beschrijving

Bewaard in:
Bibliografische gegevens
Hoofdauteur: Trần Ngọc Lan
Formaat: Boek
Taal:Vietnamese
Gepubliceerd in: H. Đại học Sư phạm 2012
Editie:Tái bản lần thứ 3
Onderwerpen:
Tags: Voeg label toe
Geen labels, Wees de eerste die dit record labelt!
Thư viện lưu trữ: Mạng thư viện Đại học Đà Nẵng
LEADER 01618aam a22003618a 4500
001 000016547
003 12950
005 20121113091100.0
008 121113s2012 viesd
020 |c 26000đ  |d 1000b 
041 0 |a vie 
082 1 4 |2 14  |a 372.7  |b TR-L 
100 1 |a Trần Ngọc Lan 
245 1 0 |a Giáo trình thực hành phương pháp dạy học toán ở tiểu học  |b Rèn luyện và phát triển một số kĩ năng dạy học toán ở tiểu học  |c Trần Ngọc Lan 
250 |a Tái bản lần thứ 3 
260 |a H.  |b Đại học Sư phạm  |c 2012 
300 |a 127 tr.  |b minh hoạ  |c 24 cm. 
504 |a Thư mục: tr. 126-127 
520 |a Hướng dẫn một số kỹ năng thực hành trong dạy học toán tiểu học: phân tích chương trình, thiết kế kế hoạch giảng dạy, lựa chọn và thiết kế bổ sung nhằm phát triển hệ thống bài tập, phát hiện và xử lý một số tình huống sư phạm 
650 7 |2 Bộ TK TVQG  |a Phương pháp giảng dạy 
650 7 |2 Bộ TK TVQG  |a Toán 
650 7 |2 Bộ TK TVQG  |a Tiểu học 
655 7 |2 Bộ TK TVQG  |a Giáo trình 
OWN |a LSP 
AVA |a UDN50  |b LSP  |d 372.7 TR-L  |e check_holdings  |t Error 5003 Not defined in file expand_doc_bib_avail.  |h N  |k 1 
999 |a From the UDN01 
AVA |a UDN50  |b LSP  |d 372.7 TR-L  |e available  |t Error 5001 Not defined in file expand_doc_bib_avail.  |f 15  |g 1  |h N  |i 29  |k 1 
TYP |a Monograph 
TYP |a Printed language 
980 |a Mạng thư viện Đại học Đà Nẵng